000 00588nam1a22002051i 4500
001 rc\3904648
005 20240724124537.0
035 _a(NLR Aleph) 007907466
090 _a8076439
_c8076438
100 _a20130415d1955 |||y0rusy50 ca
101 0 _arus
102 _aRU
105 _ay z |||||
200 1 _aБиблиотека работника МТФ
_e[Вып. 1-10]
210 _aГрозный
_cКн. изд-во
_d1955
215 _a10 т. в обл.-папке
_d20
801 0 _aRU
_bNLR
_gpsbo
801 1 _aRU
_bELAR
_2rusmarc
852 _aNLR
_jШифры разные
942 _cBOOK